| 000 | 01244nam a2200313 a 4500 | ||
|---|---|---|---|
| 001 | 4393448 | ||
| 003 | PILC | ||
| 005 | 20160204074310.0 | ||
| 008 | 920227m19891990ph l 000 0 eng | ||
| 010 | _a 91946573 | ||
| 020 | _a9712304205 (v. 1). | ||
| 040 |
_aDLC _cDLC |
||
| 043 | _aa-ph--- | ||
| 050 | 0 | 0 |
_aKPM 479.A291 _b.P223 1989 |
| 082 | 0 | 0 |
_a346.599/002632 _a345.9906002632 |
| 110 | 1 | _aPhilippines. | |
| 240 | 1 | 0 | _aCivil Code of the Philippines |
| 245 | 1 | 0 |
_aCivil Code of the Philippines annotated / _cby Edgardo L. Paras. |
| 250 | _a12th edition. | ||
| 260 |
_aManila, Philippines : _bRex Book Store, _c1989. |
||
| 300 |
_a5 v., xli, 817 pages; _c24 cm. |
||
| 500 | _aIncludes appendices. | ||
| 505 | 0 | _av. 1. Arts. 1-413 (persons and family relations) -- v. 2. Arts. 414-773 (property) -- v. 3. Arts. 774-1105 (wills and succession) -- v. 4. Arts. 1106-1457 (prescription, obligation, and contracts) -- v. 5. Arts. 1458-2270 (special contracts). | |
| 650 | 0 |
_aCivil law _zPhilippines. |
|
| 700 | 1 | _aParas, Edgardo Lardizábal. | |
| 906 |
_a7 _bcbc _corignew _d1 _encip _f19 _gy-gencatlg |
||
| 942 |
_2lcc _cBK |
||
| 999 |
_c290462 _d290462 |
||